000
00292nam a22001337a 4500
008
171012b xxu||||| |||| 00| 0 eng d
020
_a
9780072294309
041
_a
eng
080
_2
2ND
_a
316
100
_a
50
101
_a
SOC
245
_a
GLOBAL SOCIOLOGY
_c
SCHNEIDER,L
942
_2
udc
_c
BK
999
_c
33306
_d
33306